00662njm a22001937a 450000500170000000800410001704100080005810000170006624500090008326000190009226000250011126000090013630000130014530000180015850502450017665000210042165000090044265000170045120220720142935.0190128b xxu||||| |||| 00| 0 spa d aspa aStorper, Dan aYoga aEstados Unidos bPutumayo World Music c2010 a1 CD-ROM a71:32 minutos a1. Ghungate Ke. 2. Om Hari Om / Sharanam Ganesha. 3. Purnamadah. 4. Bolo Ram. 5. Cerulean. 6. Devaki. 7. Bangles. 8. El bosque eterno de los niños. 9. Moods of Kirtan. 10. O Rama. 11. Hanuman Baba. 12. Sira. 13. Offering Chant. 14. Bliss. aMÚSICA HINDÚ aYOGA aRELAJACIÓN